000 00834nam a2200229Ia 4500
003 GCL
008 140319s9999 xx 000 0 ara d
040 _aGCL /
_cGCL
082 0 4 _a332.76
_bر ج
100 1 _aرياضى فتح الله بصلة
245 1 0 _aجرائم بطاقة الائتمان: دراسة معرفية تحليلية مكوناتها واساليب تذييفها وطرق التعرف عليها /
_cرياضى فتح الله بصلة
700 1 _aفخرى محمد صالح عثمان
300 _a166 ص
490 _a100 قصة
_v0
650 0 4 _aالجريمة والمجرمون
650 0 4 _aجرائم التزوير
650 0 4 _aالتزوير
650 0 4 _aالائتمان
650 0 4 _aالبطاقات الممغنطة
650 0 4 _aالتزويد ( مكتبات )
942 _2ddc
_cBK
999 _c45058
_d45058